000 00349 a2200169 4500
001 183995
020 _a85-349-1174-6
040 _cMagnum
100 _aJose, Elias
240 1 0 _a(Re) fabulando
_lpor
245 1 0 _a(Re) fabulando
300 _a24
362 0 _a1998
440 1 _aPaulus
697 _aLITERATURA INFANTO-JUVENIL
942 _cBK
999 _c183995
_d183995